000 00425nam a2200181Ia 4500
001 21090
005 20260306172853.0
008 260306t2017||||xx |||||||||||||| ||spa||
041 _aESP
082 _a344
_bP42A T. 1
100 _aPeña Cabrera Freyre, Alonso Raúl
_eAUT
245 0 _aDerecho penal:
_bparte general
260 _c2017
300 _a
_c
650 _aGEN
654 _aCDE
942 _cLIB
_dJUS
_fJUS
_2ddc
_n
999 _c21090
_d21090